Holiday Quiz

Random Holiday or Blitz Quiz

Angels or Angles? Quiz Stats

 Plays Quiz not verified by Sporcle

Challenge
Share
Tweet
Embed
Score 0/30 Timer 01:00
1 Play Today
% Correct
angel
94.1%
angel
93.7%
angel
92.9%
angel
92.8%
angel
92.7%
angel
92.7%
angel
92.7%
angel
92.6%
angel
92.6%
angel
92.6%
angel
92.6%
angel
92.6%
angel
92.5%
angel
92.4%
angel
92.4%
% Correct
angel
92.4%
angel
92.4%
angel
92.4%
angel
92.4%
angel
92.3%
angel
92.3%
angel
92.3%
angel
91.9%
angel
91.9%
angel
91.9%
angel
91.8%
angel
91.6%
angel
91.5%
angel
91.2%
angel
90.4%

You're not logged in!

Compare scores with friends on all Sporcle quizzes.
OR
Log In

You Might Also Like...

Show Comments

Extras

Top Quizzes Today


Score Distribution

Your Account Isn't Verified!

In order to create a playlist on Sporcle, you need to verify the email address you used during registration. Go to your Sporcle Settings to finish the process.

Report this User

Report this user for behavior that violates our Community Guidelines.

Details: